| 000 | 006700000a22002170004500 | ||
|---|---|---|---|
| 001 | 12821 | ||
| 010 | _a972-20-1879-5 | ||
| 090 | _a12821 | ||
| 100 | _a20041105d2000 k y0pory5003 ba | ||
| 101 | 0 | _apor | |
| 102 | _aPT | ||
| 200 | 1 |
_aO mundo dos outros _ehistórias e vagabundagens _fJosé Gomes Ferreira |
|
| 205 | _a9ª. ed | ||
| 210 |
_aLisboa _cDom Quixote _d2000 |
||
| 215 | _a205, [4] p | ||
| 225 | 2 |
_aBiblioteca de bolso _iLiteratura _v13 |
|
| 305 | _a1ª. ed. de bolso. | ||
| 675 |
_a821.134.3-3"19" _vBN _zpor |
||
| 700 | 1 |
_aFerreira _bJosé Gomes _f1900-1985 |
|
| 942 |
_cMON _n0 |
||
| 999 |
_a12821 _bBibliobase - BMTAV _c2019-01-21 |
||